00577nam a2200169 a 450000100100000000500170001000800410002704000250006808200150009310000340010824500810014226000540022330000280027749000320030550000380033783000320037500004227420201002040039.0131121s1968 sp ac 000 0 spa d aDO-SdBNPbspacBNPHU axxxbV393a1 aVázquez Montalbán, Manuel10aAntología de la «Nova Cancó» Catalana /cManuel Vázquez Montalbán. aBarcelona :bEdiciones de Cultura Popular,c1968. a290 p. :bil. ;c24 cm.1 aPapeles sociales ilustrados aIncluye discografía: p. 252-289 0aPapeles sociales ilustrados